00448nam a2200181 a 4500001001300000003000900013005001700022008004100039020002300080082001300103100001800116245001700134260003800151300000900189500003500198650001500233700001800248nice12345678IN_TiNIC20260116014711.0111213s1992 lona grp 000 0 eng  a9780753818923c29500a823bWAL aWalker, Alice aColor Purple aLondon bPhoenix Paperback c1992 a262p aincludes index and biblioraphy aLiterature1 aWalker, Alice